A short history of Islam. (Record no. 54493)
[ view plain ]
| 000 -LEADER | |
|---|---|
| fixed length control field | 00669cam a22002411 4500 |
| 001 - CONTROL NUMBER | |
| control field | sa 63002507 |
| 003 - CONTROL NUMBER IDENTIFIER | |
| control field | DLC |
| 005 - DATE AND TIME OF LATEST TRANSACTION | |
| control field | 20260227111934.0 |
| 008 - FIXED-LENGTH DATA ELEMENTS--GENERAL INFORMATION | |
| fixed length control field | 720901s1960 pk a b 000 0 eng |
| 010 ## - LIBRARY OF CONGRESS CONTROL NUMBER | |
| LC control number | sa 63002507 |
| 015 ## - NATIONAL BIBLIOGRAPHY NUMBER | |
| National bibliography number | GB61-15627 |
| 035 ## - SYSTEM CONTROL NUMBER | |
| System control number | (OCoLC)397733 |
| 040 ## - CATALOGING SOURCE | |
| Original cataloging agency | DLC |
| Transcribing agency | ODaWU |
| Modifying agency | OCoLC |
| -- | Uk |
| -- | DLC |
| 042 ## - AUTHENTICATION CODE | |
| Authentication code | premarc |
| 050 00 - LIBRARY OF CONGRESS CALL NUMBER | |
| Classification number | DS38 |
| Item number | .M24 1960 |
| 082 ## - DEWEY DECIMAL CLASSIFICATION NUMBER | |
| Classification number | 956 |
| 100 1# - MAIN ENTRY--PERSONAL NAME | |
| Personal name | Mahmud, S. F. |
| Fuller form of name | (Sayyid Fayyaz) |
| 245 02 - TITLE STATEMENT | |
| Title | A short history of Islam. |
| 260 ## - PUBLICATION, DISTRIBUTION, ETC. | |
| Place of publication, distribution, etc. | Karachi, |
| Name of publisher, distributor, etc. | Pakistan Branch, Oxford University Press, |
| Date of publication, distribution, etc. | 1960. |
| 300 ## - PHYSICAL DESCRIPTION | |
| Extent | 724 p. |
| Other physical details | illus. |
| Dimensions | 23 cm. |
| 504 ## - BIBLIOGRAPHY, ETC. NOTE | |
| Bibliography, etc. note | Includes bibliography. |
| 651 #0 - SUBJECT ADDED ENTRY--GEOGRAPHIC NAME | |
| Geographic name | Islamic countries |
| General subdivision | History. |
No items available.